| 000 | 00562nam a22001937a 4500 | ||
|---|---|---|---|
| 005 | 20250702163913.0 | ||
| 010 | _aENG-145538 | ||
| 020 |
_a9789348128804 _c390.00 |
||
| 035 | _aEN-129070 | ||
| 037 | _bDBAD | ||
| 082 | _aS | ||
| 100 |
_aAditi Arun _982499 |
||
| 245 |
_aChronicles of the Dead/ _cAditi Arun |
||
| 250 | _a1 | ||
| 260 |
_aKerala _bSandDunes _c2024 |
||
| 270 |
_aGB Building, Civil Lane road, ayyanthole thrissur _bNew Delhi _e680003 _minfo@greenbooksindia.com _k91-487-231066 _k2381039 |
||
| 300 |
_a272p. _c22cm(pb) |
||
| 942 |
_2ddc _cEN _hS _mADI |
||
| 999 |
_c212028 _d212028 |
||